000 00657nam a2200229Ia 4500
003 OSt
005 20220923220933.0
006 a|||||r|||| 00| 0
007 ta
008 220922b |||||||| |||| 00| 0 hin d
024 _a192,468
037 _cTextual
040 _aARTS
_cARTS
_bhin
041 _2hin
_ahin
082 _aU2:2:A:90Q1, 152H3
100 _aअवस्थी, गिरीश चन्द्र
245 0 _aवेद घरातल
246 _aVed gharātala
260 _c1943
942 _hU2:2:A:90Q1, 152H3
_cTEXL
_2CC
999 _c345069
_d345069